| 000 | 00893nam a2200229 a 4500 | ||
|---|---|---|---|
| 001 | BRCA_9085 | ||
| 005 | 20190320210522.0 | ||
| 008 | 110917s1748----it-#######---#000-0#lat-# | ||
| 041 | _alat | ||
| 044 | _aspa | ||
| 084 |
_aCO12 _b.J63 1748 |
||
| 100 | 1 |
_aJoannis Marin _922453 |
|
| 245 | 1 | 0 | _aR. P. Joannis Marin Oconensis, societatis jesu, sacrae theologiae doctoris, & olim in Academia... theologiae speculativae et moralis tomus tertius. |
| 260 |
_aVenetis _bEx typographia balleoniana _c1748 |
||
| 300 |
_a591 p. (t.3) _c39 x 24.5 cm |
||
| 500 | _aSuperiorum permissu, ac privilegiis | ||
| 500 | _aEn portada: cum duplici índice, altero disputationum et sectionum, altero Rerum notabilium | ||
| 500 | _aEstado físico: presenta encuadernación en pergamino con presencia del pez de plata | ||
| 650 | 1 | 4 |
_aTeología _yObras anteriores a 1800 _922454 |
| 902 | _aCFM | ||
| 942 |
_2lcc _cB |
||
| 999 |
_c8735 _d8735 |
||